Brazilian Subdivisions Flags (+Twist) - Sudden Death #1 - Statistics

General Stats
  • This quiz has been taken 42 times
  • The average score is 4 of 20
Answers on the Grid
Answers color-coded by a green-red scale on the quiz's grid according to % correct below.
Acre
Alagoas
Amapá
Amazonas
Bahia
Ceará
Distrito Federal
Espírito Santo
Goiás
Maranhão
Mato Grosso
Mato Grosso do Sul
Minas Gerais
Pará
Paraíba
Paraná
Pernambuco
Piauí
Rio de Janeiro
Rio Grande do Norte
Rio Grande do Sul
Rondônia
Roraima
Santa Catarina
São Paulo
Sergipe
Tocantins
 
Answer Stats
Answer % Correct
Acre
79%
Alagoas
50%
Amazonas
29%
Rondônia
29%
Mato Grosso
21%
Pará
21%
Piauí
21%
Roraima
21%
Sergipe
21%
Mato Grosso do Sul
14%
Pernambuco
14%
Rio de Janeiro
14%
São Paulo
14%
Ceará
7%
Goiás
7%
Paraná
7%
Rio Grande do Norte
7%
Maranhão
0%
Rio Grande do Sul
0%
Santa Catarina
0%
No matching quizzes found
Score Distribution
Percent of People with Each Score
Percentile by Number Answered
Your Score History
You have not taken this quiz